Framing Vulnerability: How Pakistani English Newspapers Covered Tharparkar Drought and Famine / (Record no. 478728)
[ view plain ]
| 000 -LEADER | |
|---|---|
| fixed length control field | 00613nam a22001937a 4500 |
| 003 - CONTROL NUMBER IDENTIFIER | |
| control field | NUST |
| 005 - DATE AND TIME OF LATEST TRANSACTION | |
| control field | 20250617161043.0 |
| 008 - FIXED-LENGTH DATA ELEMENTS--GENERAL INFORMATION | |
| fixed length control field | 180712b ||||| |||| 00| 0 eng d |
| 038 ## - RECORD CONTENT LICENSOR | |
| Staff Name | Nusrat Nadeem |
| 082 ## - DEWEY DECIMAL CLASSIFICATION NUMBER | |
| Classification number | 200 |
| 100 ## - MAIN ENTRY--PERSONAL NAME | |
| Relator code | Shoukat Sana |
| 245 ## - TITLE STATEMENT | |
| Title | Framing Vulnerability: How Pakistani English Newspapers Covered Tharparkar Drought and Famine / |
| Statement of responsibility, etc. | Sana Shoukat, |
| 260 ## - PUBLICATION, DISTRIBUTION, ETC. | |
| Place of publication, distribution, etc. | Islamabad: |
| Name of publisher, distributor, etc. | S3H NUST. |
| Date of publication, distribution, etc. | 2016. |
| 300 ## - PHYSICAL DESCRIPTION | |
| Extent | 98p. |
| 600 ## - SUBJECT ADDED ENTRY--PERSONAL NAME | |
| General subdivision | MS-Mass Communication |
| 9 (RLIN) | 127937 |
| 700 ## - ADDED ENTRY--PERSONAL NAME | |
| Relator code | Supervisor: Dr. Najma Sadiq |
| 856 ## - ELECTRONIC LOCATION AND ACCESS | |
| Uniform Resource Identifier | <a href="http://10.250.8.41:8080/xmlui/handle/123456789/6855">http://10.250.8.41:8080/xmlui/handle/123456789/6855</a> |
| 942 ## - ADDED ENTRY ELEMENTS (KOHA) | |
| Source of classification or shelving scheme | |
| Koha item type | Soft Copy |
| Withdrawn status | Lost status | Source of classification or shelving scheme | Damaged status | Not for loan | Permanent Location | Current Location | Shelving location | Date acquired | Full call number | Barcode | Date last seen | Price effective from | Koha item type |
|---|---|---|---|---|---|---|---|---|---|---|---|---|---|
| Central Library (CL) | Central Library (CL) | Thesis | 11/02/2019 | 200 | CL-T-3875 | 11/02/2019 | 11/02/2019 | Soft Copy | |||||
| Central Library (CL) | Central Library (CL) | Thesis | 02/18/2020 | 200 | CL-T-5154 | 02/18/2020 | 02/18/2020 | Soft Copy |
